Benelux multiple choice (Belgium, Netherlands, Luxembourg) - Statistics

General Stats
  • This quiz has been taken 1,854 times
  • The average score is 11 of 15
Answer Stats
Question Answer % Correct
Which country is a member of the EU? All three
100%
Which country has the Euro as their currency? All three
98%
Which country is landlocked? Luxembourg
98%
Which countries border metropolitan (European mainland) France? Belgium & Luxembourg
95%
Which country has the largest airport (by passenger traffic) Netherlands
94%
In which country is the International Court of Justice? Netherlands
85%
Which country has the highest GDP per capita (PPP)? Luxembourg
84%
What's the majority language in the Benelux? Dutch
83%
In which country is German an offical language? Belgium & Luxembourg
77%
Which country does NOT have one of the EU capitals within its borders? Netherlands
74%
Which country declared independence in 1830? Belgium
73%
Which country does NOT have a king? Luxembourg
59%
Limburg is a province of which country? Netherlands & Belgium
53%
Which country houses the European Court of Justice Luxembourg
32%
Which country is Quizmaster's least favorite? Belgium
10%
No matching quizzes found
Score Distribution
Percent of People with Each Score
Percentile by Number Answered
Your Score History
You have not taken this quiz